01175cam a2200277 a 4500003000900000005001700009008004100026040002800067041000800095049001300103097000900116099003100125100002800156245014800184246014200332260004700474300003400521502009500555700003700650856003300687905002100720905001900741942001200760999001700772952010800789EG-GiCUC20250223030348.0110222s1996 ua d f m 000 0 eng d aEG-GiCUCbengcEG-GiCUC0 aeng aDeposite aPh.D aCai01.12.05.Ph.D.1996.At.I0 aAtteya Moustafa Mohamed10aInteractive effect of soil microorganisms and some ecological factors on some crops / cAtteya Moustafa Mohamed ; Supervised Abdelrahman A. A. 15aالتأثير المتداخل للكائنات الدقيقة وبعض العوامل البئية على بعض المحاصيل aCairo : bAtteya Moustafa Mohamed , c1996 a262Leaves : bcharts ; c30cm aThesis (Ph.D.) - Cairo University - Faculty of Science - Department of Botany-Microbiology0 aAbdelrahman A. A. , eSupervisor uhttp://172.23.153.220/th.pdf aFatmaeCataloger aNazlaeRevisor 2ddccTH c33103d33103 2ddc70aCUCLbcl210d2024-02-11oCai01.12.05.Ph.D.1996.At.Ip01010110028787000r2023-09-22 00:00:00yTH